| 000 | 00866nam a22001937a 4500 | ||
|---|---|---|---|
| 008 | 100713s1968 xxu||||| |||| 00| 0 ara d | ||
| 082 |
_222 _a320.5322 _bف ر ح |
||
| 100 | 1 |
_916251 _aفرح ، الياس |
|
| 245 |
_aتطور الفكر الماركسي : _bعرض ونقد / _cالياس فرح |
||
| 260 |
_aبيروت : _bدار الطليعة ، _c1968. |
||
| 300 |
_a462 ص : _c24 سم. |
||
| 490 |
_916252 _aالسياسة والمجتمع |
||
| 504 | _aيشتمل على إرجاعات ببليوجرافية | ||
| 541 |
_aألف باء ؛ _cشراء ؛ |
||
| 650 |
_916253 _aالماركسية |
||
| 650 |
_916254 _aالشيوعية _zالدول العربية |
||
| 942 |
_2ddc _cBB |
||
| 999 |
_c14474 _d14474 |
||